00996nam a2200217 a 450000100100000000500170001000800410002702000180006804000250008608200210011110000370013224500980016926000550026730000280032259000260035070000410037695201220041795201080053995201140064799900170076100004718520201002053428.0180418s2017 dr a r 000 0 spa d a9789945468663 aDO-SdBNPbspacBNPHU axxxxbL816e 1ro.1 aLockhart, María Soledad97494510aEducación artística 1 /cMaría Soledad Lockhart ; ilustraciones Luis E. Reyes Guzmán. aSanto Domingo :bMinisterio de educación,c2017. a152 p. :bil. ;c27 cm. aInventariado, 2018/BT1 aReyes Cuzmán, Luis E.,eil.974946 001054708PDaGRbGRcHDd2018-04-18iLF1l0ov. 1,e. 3p47185-30r2020-06-25w2020-06-25yLFPDZPréstamo en sala 0010718PDaPDbPDcHDd2018-04-18iLF1l0ov. 1p47185-10r2020-06-25w2020-06-25yLFPDZNo se presta 0010718PDaPDbPDcHDd2018-04-18iLF1l0ov. 1, e. 2p47185-20r2020-06-25w2020-06-25yLFPDZNo se presta c46673d46673